Bicoastal Countries Quiz Stats

 Plays Quiz Updated Apr 4, 2012

Also try: Island Countries
Challenge
Share
Tweet
Embed
Score 0/29 Timer 06:00
0 Plays Today
Continent Country % Correct
North AmericaUnited States
93.8%
North AmericaMexico
89.8%
North AmericaCanada
88.8%
Europe, AsiaRussia
85%
EuropeSpain
80.6%
EuropeFrance
78.4%
North AmericaPanama
74.6%
Europe, AsiaTurkey
69.6%
North AmericaGuatemala
66.8%
AfricaEgypt
66.6%
North AmericaCosta Rica
66.2%
EuropeGermany
62.7%
South AmericaColombia
62%
North AmericaHonduras
61.6%
North AmericaNicaragua
60.6%
Continent Country % Correct
AsiaIndonesia
58.6%
AsiaMalaysia
56.9%
AsiaSaudi Arabia
56.4%
AsiaThailand
55.3%
AsiaNorth Korea
50.7%
AsiaIsrael
48.9%
AfricaMorocco
45.8%
AsiaOman
43.3%
AsiaUnited Arab Emirates
41.1%
AfricaSenegal
39.3%
EuropeCroatia
34.9%
AfricaAngola
32.3%
AsiaBrunei
31.1%
AsiaTimor-Leste
26.9%

You're not logged in!

Compare scores with friends on all Sporcle quizzes.
OR
Log In

You Might Also Like...

Show Comments

Extras

Top Quizzes Today


Score Distribution

Your Account Isn't Verified!

In order to create a playlist on Sporcle, you need to verify the email address you used during registration. Go to your Sporcle Settings to finish the process.

Report this User

Report this user for behavior that violates our Community Guidelines.

Details: